00704nam a2200217Ia 4500003000400000005001700004008004100021020002900062040001700091082001800108100002000126245008100146250001100227260002500238300002800263500001900291650002800310942000900338952012400347999001500471IIN20250530120039.0250530s2022 xx acd 001 0 eng d cRs.495.00a9789390619726 aIINbEnglish a616.89 bKUM1 aKumari, Eleena 1 aTextbook of Mental Health Nursingbfor GNM Nursing Students/cEleena Kumari a2nd ed aNew DelhibCBSc2022 axxiii, 437p.bcol. ill. aIncludes Index1 aMental Health vNursing cBOOK 00102ddc40708PURCHaIINbIINcGENd2025-03-11g495.00l0o616.89 KUMp2090r2025-05-30 12:01:23w2025-05-30yBOOK c1849d1849